000 00660nam a2200229Ia 4500
005 20250425162211.0
008 250425s9999 xx 000 0 und d
041 _aspa
082 _a614.71
110 _aPETROECUADOR
245 0 _aINFORME DEL PROYECTO ESTUDIO DE LA CALIDAD DEL AIRE DE LA CIUDAD DE GUAYAQUIL DIAGNÓSTICO E INVESTIGACIÓN REFERENCIAL
250 _a1A ED.
260 _aEcuador
_bPETROECUADOR
_c2004
260 _aGUAYAQUIL
_bPETROECUADOR
300 _a306
650 _aCONTAMINACION ATMOSFERICA
650 _aCONTAMINANTES DEL AIRE
650 _aGUAYAQUIL
650 _aMEDIO AMBIENTE URBANO
942 _c01
010 _a55680
999 _c224381
_d224381